1988 1403 1565 1900 1765 1777 1978 1460 1835 1407 1374 1685 1433 1406 1489 1741 1133 1500 1769 1346 1557 1760 1610 1217 1577 1672 1278 1224 1442 1151 1172 1408 1035 1004 1309 1336 1473 1401 1317 1527 1242 1846 1557 1232 1701 1932 1275 1178 1248 1114 1533 1423 1547 1089 1442 1759 1817 1206 1674 1373 1822 1247 1645 1407 1609 1450 1972 1149 1698 1384 1856 1826 1747 1046 1470 1796 1725 1388 1469 1262 1315 1221 1587 1807 1610 1424 1332 1138 1282 1501 1605 1044 1340 1699 1227 1889 1674 1830 1480 BCNSPRNW ULIB Ver.6.0+V

เปลี่ยนเป็นภาษาไทย

Change to English
 แสดงรายละเอียดบรรณานุกรม
  กลับหน้าหลัก

Brief Record : Get Marc (ISO 2709) : E-mail record : QR code < ปิดหน้าต่าง
LEADER : 00000nam 2200000uu 4500
001    13399124345
003     ULIB
008    150511s2554||||th 000 0 tha d
020    ^a9786162141904
099    ^aนว ว257อ
100    ^aวรรณวรรธน์
245    ^aอขิทโร อุบัติมหาคุรเทวา เล่ม
250    ^aพิมพ์ครั้งที่ 1
260    ^aกรุงเทพฯ :^bณ บ้านวรรณกรรม กรุ๊ป,^c2554
300    ^a282 หน้า
650    ^aวรรณวรรธน์^xนิยาย
945    ^p240^l0^i039389
999    ^aเกษร โพธิ์สุวรรณ
รายการนี้ยังไม่มีแท็ก
คุณยังไม่ได้ล็อกอิน คุณสามารถมีกิจกรรมร่วมกับเว็บไซต์ได้ แต่ต้องล็อกอินก่อน ::
  ล็อกอิน

รายการสื่อสารสนเทศ

ลำดับที่ ประเภท เลขเรียก/บาร์โค้ด สถานที่ สถานะ
1. นวนิยาย
นวนิยาย
นว ว257อ ฉ.1 
  Barcode: 039389
ห้องสมุดวิทยาเขตสวรรค์ประชารักษ์
►นวนิยาย
บนชั้น
  ขอยืม

รายการใกล้เคียง
    ผู้แต่ง [วรรณวรรธน์]

BibComment


ยังไม่เคยถูกคอมเมนท์

คอมเมนท์ทรัพยากรรายการนี้
  คอมเมนท์: อขิทโร อุบัติมหา..


 Copyright 2026. Bcnsprnw @Library